[Event "CZE-chT 2223"]
[Site "Czech Republic"]
[Date "2023.02.19"]
[Round "8.2"]
[White "Hurdzan, Tomas"]
[Black "Jurcik, Marian"]
[Result "1/2-1/2"]
[WhiteElo "2321"]
[BlackElo "2400"]
[PlyCount "51"]
[EventDate "2022.10.15"]
[EventType "team-tourn"]
[EventRounds "11"]
[EventCountry "CZE"]
[SourceTitle "CBM 213 Extra"]
[Source "ChessBase"]
[SourceDate "2023.05.31"]
[SourceVersion "1"]
[SourceVersionDate "2023.05.31"]
[SourceQuality "1"]
[WhiteTeam "Ingem Line"]
[BlackTeam "Unichess"]
[WhiteTeamCountry "CZE"]
[BlackTeamCountry "CZE"]

1. e4 d5 2. exd5 Nf6 3. d4 Nxd5 4. Be2 Bf5 5. Nf3 e6 6. 0-0 Be7 7. a3 0-0 8. c4 Nf6 9. Nc3 Ne4 10. Nxe4 Bxe4 11. Be3 Nd7 12. Qd2 c6 13. Rad1 Qc7 14. Ng5 Bg6 15. Bd3 Bxd3 16. Qxd3 Nf6 17. h3 Rfd8 18. Qc2 Rd7 19. Nf3 Bd6 20. Rfe1 Rc8 21. Rc1 h6 22. Red1 Qb8 23. Qc3 Ne4 24. Qc2 Nf6 25. Qc3 Ne4 26. Qc2 1/2-1/2

[Event "EU-ch qual Online"]
[Site "Tornelo INT"]
[Date "2020.12.18"]
[Round "2"]
[White "Rustemov, Alexander"]
[Black "Hurdzan, Tomas"]
[Result "1/2-1/2"]
[WhiteElo "2525"]
[BlackElo "2317"]
[PlyCount "99"]
[EventDate "2020.12.18"]
[EventType "swiss"]
[EventRounds "11"]
[EventCountry "POL"]
[SourceTitle "CBM 199 Extra"]
[Source "ChessBase"]
[SourceDate "2021.01.31"]
[SourceVersion "1"]
[SourceVersionDate "2021.01.31"]
[SourceQuality "1"]

1. d4 Nf6 2. c4 g6 3. Nf3 Bg7 4. g3 0-0 5. Bg2 d6 6. Nc3 Nbd7 7. 0-0 e5 8. e4 exd4 9. Nxd4 Re8 10. h3 a5 11. Re1 Nc5 12. Bf4 Nfd7 13. b3 Ne5 14. Be3 c6 15. Rb1 Qe7 16. Qc2 h5 17. Rbd1 Qf8 18. f4 Ned7 19. Bf2 Nf6 20. a3 Qe7 21. b4 axb4 22. axb4 Ne6 23. Nf5 gxf5 24. exf5 Qc7 25. fxe6 Bxe6 26. Qd3 Qd7 27. Kh2 Ra3 28. Bd4 Bf5 29. Rxe8+ Nxe8 30. Qd2 Nf6 31. Qb2 Ra8 32. Nd5 cxd5 33. Bxf6 Bxf6 34. Qxf6 Qe6 35. Qxe6 Bxe6 36. cxd5 Bf5 37. Rd2 Ra3 38. Rb2 Rd3 39. b5 b6 40. Ra2 Rb3 41. Ra8+ Kg7 42. Rd8 Rxb5 43. Rxd6 Rb2 44. Kg1 Rb1+ 45. Kf2 Rb2+ 46. Kf3 Rb3+ 47. Kf2 Rb2+ 48. Kg1 Rb1+ 49. Kh2 Rb2 50. Kg1 1/2-1/2

[Event "EU-ch qual Online"]
[Site "Tornelo INT"]
[Date "2020.12.18"]
[Round "8"]
[White "Svane, Frederik"]
[Black "Hurdzan, Tomas"]
[Result "1-0"]
[WhiteElo "2421"]
[BlackElo "2317"]
[PlyCount "117"]
[EventDate "2020.12.18"]
[EventType "swiss"]
[EventRounds "11"]
[EventCountry "POL"]
[SourceTitle "CBM 199 Extra"]
[Source "ChessBase"]
[SourceDate "2021.01.31"]
[SourceVersion "1"]
[SourceVersionDate "2021.01.31"]
[SourceQuality "1"]

1. e4 c5 2. Nf3 d6 3. Bb5+ Nd7 4. d4 cxd4 5. Qxd4 a6 6. Bxd7+ Bxd7 7. Nc3 Nf6 8. Bg5 Rc8 9. 0-0-0 Qa5 10. Kb1 e5 11. Qd3 Rxc3 12. bxc3 Bb5 13. c4 Qb4+ 14. Qb3 Qxc4 15. Bxf6 gxf6 16. Rhe1 Be7 17. Nh4 Qc6 18. Nf5 Bc4 19. Qb4 Kd7 20. Rxd6+ Bxd6 21. Rd1 Qb5 22. Rxd6+ Kc7 23. Qxb5 axb5 24. Rxf6 Rd8 25. Ne3 Be6 26. a3 Rd4 27. Rh6 Rxe4 28. Rxh7 Rd4 29. Kc1 Kd6 30. h4 Ke7 31. Rh8 Kf6 32. g3 Ra4 33. Kb2 b4 34. axb4 Rxb4+ 35. Kc3 Rb1 36. Rb8 Ke7 37. Kd3 Kf6 38. Ke4 Rb4+ 39. Kf3 Kg7 40. g4 Kf6 41. Rg8 Ke7 42. h5 Rb1 43. h6 Rh1 44. g5 Bd7 45. Ke4 Ke6 46. Kd3 Bc6 47. Rg7 Rh4 48. c3 Be4+ 49. Kc4 Bc6+ 50. Kc5 Rh5 51. Kb6 Rh2 52. Rg8 Rxf2 53. h7 Rb2+ 54. Kc7 Re2 55. h8Q Rxe3 56. Qf6+ Kd5 57. Qxf7+ Ke4 58. Rd8 Rf3 59. g6 1-0

[Event "Tatry op"]
[Site "Tatranske Zruby"]
[Date "2019.09.30"]
[Round "4"]
[White "Kopriva, Martin"]
[Black "Hurdzan, Tomas"]
[Result "1/2-1/2"]
[WhiteElo "2039"]
[BlackElo "2229"]
[PlyCount "35"]
[EventDate "2019.09.28"]
[EventType "swiss"]
[EventRounds "9"]
[EventCountry "SVK"]
[SourceTitle "EXT 2020"]
[Source "ChessBase"]
[SourceDate "2019.10.17"]
[SourceVersion "1"]
[SourceVersionDate "2019.10.17"]
[SourceQuality "1"]

1. e4 c5 2. Nc3 d6 3. d4 cxd4 4. Qxd4 a6 5. f4 Nc6 6. Qd2 Nf6 7. b3 g6 8. Bb2 Bg7 9. 0-0-0 0-0 10. Be2 Qa5 11. Bf3 Be6 12. h3 Nd7 13. Nge2 Nc5 14. g4 Rac8 15. Kb1 b5 16. Nd5 Qxd2 17. Rxd2 b4 18. h4 1/2-1/2

[Event "CZE-chT U18 Extraliga final-A 1819"]
[Site "Czech Republic"]
[Date "2019.04.12"]
[Round "8.2"]
[White "Vojta, Jakub"]
[Black "Hurdzan, Tomas"]
[Result "1/2-1/2"]
[WhiteElo "2066"]
[BlackElo "2237"]
[PlyCount "159"]
[EventDate "2018.10.05"]
[EventType "team-tourn"]
[EventRounds "11"]
[EventCountry "CZE"]
[SourceTitle "EXT 2023"]
[Source "ChessBase"]
[SourceDate "2022.10.05"]
[SourceVersion "1"]
[SourceVersionDate "2022.10.05"]
[SourceQuality "1"]
[WhiteTeam "Vlasim (U18)"]
[BlackTeam "Klatovy (U18)"]
[WhiteTeamCountry "CZE"]
[BlackTeamCountry "CZE"]

1. e4 e5 2. Nf3 Nc6 3. Bb5 a6 4. Ba4 Nf6 5. 0-0 Be7 6. Re1 b5 7. Bb3 d6 8. c3 0-0 9. d3 Na5 10. Bc2 c5 11. Nbd2 Nc6 12. Nf1 Be6 13. d4 cxd4 14. cxd4 exd4 15. Nxd4 Nxd4 16. Qxd4 Qc7 17. Bb3 Qc5 18. Be3 Qxd4 19. Bxd4 Rac8 20. f3 Nd7 21. Ne3 Bf6 22. Bxf6 Nxf6 23. Red1 Rc6 24. Kf2 Rfc8 25. Rd4 Kf8 26. Rad1 Ke7 27. g4 g5 28. Nf5+ Bxf5 29. exf5 Nd7 30. f4 h6 31. Kf3 Nc5 32. Bd5 R6c7 33. h4 gxh4 34. Rh1 Nd7 35. Rxh4 Nf6 36. Rxh6 Rc2 37. Bb3 Rxb2 38. Rd3 Ne8 39. Rh7 Rc1 40. Re3+ Kd8 41. g5 Rf1+ 42. Ke4 Rbf2 43. Rh8 Rxf4+ 44. Kd3 Rxf5 45. Rhxe8+ Kd7 46. Rg8 Kc6 47. Rg7 Rg1 48. Bxf7 Rfxg5 49. Rxg5 Rxg5 50. Kc3 a5 51. Rd3 Rg4 52. Bd5+ Kc5 53. Be6 Re4 54. Bb3 a4 55. Bc2 Rc4+ 56. Kb2 Rh4 57. a3 b4 58. Bxa4 bxa3+ 59. Kxa3 Rf4 60. Bb3 Rd4 61. Rc3+ Kb5 62. Kb2 Kb4 63. Rc2 Rh4 64. Rd2 Kc5 65. Re2 Kb4 66. Bc2 Rf4 67. Bd3 Kc5 68. Kc3 Rh4 69. Ra2 Kc6 70. Ra5 Kb6 71. Rg5 Kc6 72. Kd2 Kd7 73. Ke3 Ke6 74. Be4 Rh2 75. Kd4 Rb2 76. Rg6+ Ke7 77. Bd3 Rd2 78. Ke4 Rd1 79. Bc4 Kd7 80. Rh6 1/2-1/2